| 000 | 01086nam a22002777a 4500 | ||
|---|---|---|---|
| 003 | OSt | ||
| 005 | 20251103062442.0 | ||
| 008 | 251103b |||||||| |||| 00| 0 eng d | ||
| 020 | _a978-971-06-5921-0 | ||
| 040 |
_aDWCL - Main Lib _cOC |
||
| 082 |
_2Updated and Revised Edition _aRes. 500 Ex96 2023 |
||
| 100 | _aFerriols-Pavico, Josefina Ma. [and five others] | ||
| 245 |
_aExploring Life Through Science 7 / _cJosefina Ma. Ferriols-Pavico [and five others] |
||
| 250 | _aUpdated and Revised Edition | ||
| 260 |
_aQuezon City, Philippines : _bPhoenix Publishing House, _cc2023. |
||
| 300 |
_ax, 270 pages : _billustrations ; _c25cm. |
||
| 504 | _aIncludes bibliographical references and index. | ||
| 650 | _a1. Science and Technology - Study and Teaching | ||
| 700 | _aI. Josefina Ma. Ferriols-Pavico | ||
| 700 | _aII. John Donnie A. Ramos | ||
| 700 | _aIII. Genevieve Darvin-Faraon | ||
| 700 | _aIV. Anna Cherylle Morales-Ramos | ||
| 700 | _aV. Aristea V. Bayquen | ||
| 700 | _aVI. Angelina A. Silverio | ||
| 942 |
_2ddc _cBK-0 CIRC _eUpdated and Revised Edition _mRes. _n0 |
||
| 999 |
_c5411 _d5411 |
||